| 000 | 00963nam a2200277 i 4500 | ||
|---|---|---|---|
| 003 | DO-SdBNP | ||
| 005 | 20231030153334.0 | ||
| 007 | ta | ||
| 008 | 221109b2021 dr c|||| |||| 00| 0 spa d | ||
| 020 | _a9789945095296 | ||
| 040 |
_aDO-SdBNP _bspa _cBNPHU _erda |
||
| 082 | 4 | _222 | |
| 100 |
_aPérez Ulloa, Kelin, _d1978- _982765 _eautor |
||
| 245 | 1 | 0 |
_aLlegó papá : _bel numerólogo innato / _cKelin Pérez Ulloa ; corrección de estilo, Rolando Leclerc |
| 250 | _a2a ed. | ||
| 264 |
_aSanto Domingo : _bedior no identificado, _c2021. |
||
| 300 |
_a66 páginas : _bilustraciones ; _c22 cm. |
||
| 336 |
_2rdacontent _atexto _btxt |
||
| 337 |
_2rdamedia _asin mediación _bn |
||
| 338 |
_2rdacarrier _avolumen _bnc |
||
| 500 | _aExperto en respuestas rápidas sobre las interrogantes de la vida para beneficio del entorno social. | ||
| 590 | _aInventariado, 2022/BT | ||
| 700 | 1 |
_aLeclerc, Rolando, _ecorreción _982766 |
|
| 910 | _aBtavárez | ||
| 942 |
_2ddc _cLBS1 |
||
| 999 |
_c52839 _d52839 |
||